Quizzes
Events
Quiz Creation
Community
Videos
Private Events
Remove Ads
Sign In
Join for FREE
Feedback
Dark Mode
Quiz Categories
Sports
Geography
Music
Movies
Television
Just For Fun
Miscellaneous
History
Literature
Language
Science
Gaming
Entertainment
Religion
Holiday
For Kids
Quiz Lab
Recent
Popular Today
Quiz Kudos Today
Editor Picks
Curator Picks
Quizzes by...
Day
Popularity
Type
Ratings
Length
Year
Community
Subscriptions
Recent Discussions
Orange Saloon
Badges
Playlists
Quests
Create
Leaderboards
Showdown
Live 5
Trivia Bingo
Activity
Puzzle Library
Sporcle Events
Private Events
Virtual Trivia
Globe League
Become a Host
Pub Owners
SporcleCon
Opinionation
Our Games
Videos
Blog
Mobile Apps
Partnerships
Remove Ads and Go Orange
Feedback
Just For Fun
Clickable
Get the Picture
Humor
Quick Pick
Word Ladder
Missing Word
Mixed Word
Blitz
Minefield
This or That
Alphabet
Color
Typing
Sporcle
Puzzle
Word Play
Follow That Line
Logic
Just For Fun
Clickable
Get the Picture
Humor
Quick Pick
Word Ladder
Missing Word
Mixed Word
Blitz
Minefield
This or That
Alphabet
Color
Typing
Sporcle
Puzzle
Word Play
Follow That Line
Logic
Random Quiz
Search Sporcle
×
Quiz Lab
Quiz Lab
Just For Fun
pet
Type in answers that appear in a list
Type in answers that appear in a list
Classic
Best Score? Go Orange.
Animals that go to the vets in a year Stats
Can you pick the Vet Pets
By
millymouse1111
90s
9 Questions
104 Plays
104 Plays
104 Plays
Comments
Comments
Give Quiz Kudos
Give Quiz Kudos
-
- Ratings
hide this ad
More Info
Replay
Link that replays current quiz
Next Quiz
Link to next quiz in quiz playlist
You Got
0%
They Got
Avg Score
68%
Avg Friend Score
Upgrade to see
Score Distribution
Jump to the score distribution portion of the page
Score
0/9
Timer
01:30
0
Plays Today
% Correct
Cat
98.1%
Dog
98.1%
Hamster
80.8%
Guineapig
70.2%
Snake
60.6%
Rat
58.7%
Mouse
56.7%
Parrot
55.8%
Turtle
34.6%
Quiz Playlist
Details
Report
Send in Message
Add To Playlist
More Info:
klick the pet in order to win
Classic:
Type in answers that appear in a list
Last Updated: Feb 16, 2017
Quiz Scoreboard
CHALLENGE
Sign Up to Join the Scoreboard
Show All
Scores
Hide
Comments
May contain spoilers
Recently Published
Presidents Visiting Landmarks
by Hejman
History
7m
An Introduction to Baseball
by treessimontrees
Sports
5m
Movies - When Are They Set?
by FPL_Elf
Movies
5m
More to Explore
Quiz From the Vault
Featured Blog Post
Where Did the Easter Bunny Come From?
hide this ad
You Might Also Like...
Tags
pet
Today's Top Quizzes in Just For Fun
Browse Just For Fun
hide this ad
Today's Top Quizzes in pet
Browse pet
Top Contributed Quizzes in Just For Fun
1
Crossword Whiteout! 49
2
Killer Double Trees 224 - Colour Match-Up
3
Harry Potter Logic - 'In Chains' II
4
Spring Typing Challenge
5
Survivor Winners Logic Puzzle
6
Zeroing In: Just For Fun
7
Word Ladder: Ahoy Matey
8
Edinburgh Fringe jokes 2015
9
Thermometer Puzzle 25
10
Aquarium Logic Puzzle 17
Explore More
Trending Topics
NBA
Marvel
Kpop
Anime
Crossword
Harry Potter
Disney
Pokémon
NFL
Country
Puzzle
Soccer
WWE
The Office
Song
hide this ad
More By:
millymouse1111
Quiz
Plays
Rating
Category
Featured
Created
Animals that go to the vets in a year
104
1.00
Just For Fun
Sep 13, 2014
Go to Creator's Profile
Score Distribution
Quiz Creator Spotlight
millymouse1111
Follow
Send a Message
Quizzes Created
-
Created Quiz Play Count
-
More By This Creator
Popular Quizzes Today
1
Find the US States - No Outlines Minefield
2
Find the Countries of Europe - No Outlines Minefield
3
The Countries of the World
4
Popular People in 1961
5
Find the US States
6
US States
7
Risky Map Clicking: Biggest States A-Z
8
1-10 Letter E Words III
More Just For Fun Quizzes
Get the Picture: Mario vs. Luigi
Published
Trending Quizzes
Risky Map Clicking: Least Populous States A-Z
1-10 Letter G Words
1-10 Letter F Words
One Thing in Common: United Kingdom
Risky Map Clicking: Next State Alphabetically
Recently Updated
Leaping Animals
pecheneg
Reality TV Shows (A-Z)
bhenderson79
Rickey Henderson's Hall of Fame Teammates
pecheneg
Champions League XIs: Arsenal
pecheneg
Quick Pick: Celebrities in WWE's Hall of Fame
aduchscher
A-Z Keypad Blitz II
pecheneg
Multiple Oscar Actors
pecheneg
Mystery Phrase Blitz: Oscar 'Best Actors'
pecheneg
F. Scott Fitzgerald Novels
LTH
Pick 3 Villains
ddd62291
Trending Topics
Kpop
Harry Potter
Marvel
Disney
Crossword
NBA
Anime
The Office
NFL
Puzzle
Soccer
WWE
Song
Pokémon
Country
Your Account Isn't Verified!
In order to create a playlist on Sporcle, you need to verify the email address you used during registration. Go to your
Sporcle Settings
to finish the process.
Report this User
Report this user for behavior that violates our
Community Guidelines
.
Details:
Send Report
Go to the Sporcle.com Mobile Site →
Comments